| 000 | 00775nam a2200229Ia 4500 | ||
|---|---|---|---|
| 003 | GCL | ||
| 008 | 140319s9999 xx 000 0 ara d | ||
| 040 |
_aGCL / _cGCL |
||
| 082 | 0 | 4 |
_a327.730531 _bع ذ |
| 100 | 1 | _aعبدالعزيز ال سعود | |
| 245 | 1 | 0 |
_aللذكرى والتاريخ حول حقوق العرب فى فلسطين / _cعبدالعزيز ال سعود |
| 700 | 1 | _aفرانكلين روزفلت | |
| 260 |
_a[S.N] : _bدار الكتاب اللبنانى |
||
| 300 | _a31 ص | ||
| 490 | _a | ||
| 650 | 0 | 4 | _aالنزاع العربى الاسرائيلى |
| 650 | 0 | 4 | _aفلسطين |
| 650 | 0 | 4 | _aالولايات المتحدة الامريكية |
| 650 | 0 | 4 | _aالسعودية |
| 650 | 0 | 4 | _aالسياسة الخارجية |
| 942 |
_2ddc _cBK |
||
| 999 |
_c29407 _d29407 |
||